| 000 | 00537nam a2200205Ia 4500 | ||
|---|---|---|---|
| 003 | OSt | ||
| 005 | 20230412105603.0 | ||
| 008 | 210423s2010 xx 000 0 und d | ||
| 020 | _a9780415493222 | ||
| 040 | _cAL | ||
| 041 | _aeng | ||
| 082 | _a791.4301 FURM | ||
| 100 |
_aFURSTENAU (Marc),Ed. _986696 |
||
| 245 | _aFilm theory reader: debates and arguments. | ||
| 260 |
_aLondon _bRoutledge _c2010 |
||
| 300 |
_aix,304 _bPB |
||
| 365 |
_b2097 _cINR |
||
| 906 | _aarguments. ; debates ; Film ; reader: ; theory | ||
| 942 |
_2ddc _cBK |
||
| 999 |
_c159562 _d159562 |
||